000 00543nam a2200181 a 4500
005 20140412111248.0
008 020515s19uu xx 00 eng d
020 _a0-307-98820-1
050 _aER
_bPo78ki 1998
100 _aBraybrooks, Ann
245 _aPooh: king of the beasties /
_cadapted by Ann Braybrooks; illustrated by Darrel Baker.
260 _aNew York :
_bA Golden Book,
_c1998.
300 _a1 v. (unp.) ; ill.
440 _aPooh
650 _aChildren stories
_xFiction
650 _aPooh stories
_xFiction
999 _c103036
_d103036